| 000 | 00802nam a2200241 a 4500 | ||
|---|---|---|---|
| 001 | 000012942 | ||
| 003 | OSt | ||
| 005 | 20240412074236.0 | ||
| 008 | 091118s1985 dr 000 j spa d | ||
| 040 |
_aDO-SdBNP _bspa _cBNPHU |
||
| 041 | _hspa | ||
| 082 |
_aRD863.44 _bR918p |
||
| 100 | 1 |
_aRueda, Manuel, _d1921-1999 _922834 |
|
| 245 | 1 | 0 |
_aPapeles de Sara y otros relatos / _cManuel Rueda ; presentación María Vicioso de Mayor. |
| 260 |
_aSanto Domingo : _bVoluntariado del Museo de las Casas Reales, _c1985. |
||
| 300 |
_a355 p. ; _c24 cm. |
||
| 590 | _aInventariado, 2019/VM | ||
| 650 | 0 |
_aCuentos dominicanos _9176 |
|
| 650 | 0 |
_aLiteratura dominicana. _967 |
|
| 700 | 1 |
_aVicioso de Mayor, María _929846 _ePresentación . |
|
| 910 | _aValidado. Control de calidad MMOLINA | ||
| 942 |
_2ddc _cLBS1 |
||
| 999 |
_c12590 _d12590 |
||